LEADER 01521nam a2200277 i 4500 001 000000154733 003 CaOOAMICUS 005 20061024000000.0 008 061024s1941 it u000 u ita u 013 $a132079 040 $aSeMil$bita 100 1 $aParenti, Marino.$0(OLS)http://semarc/name/7102 245 10$aCent'anni or sono :$buna celebre impresa manzoniana, illustrata su documenti inediti o poco noti /$cMarino Parenti, con 22 tavole documentarie e 10 tricromie di luoghi manzoniani da impressioni del pittore Giannino Grossi. 260 $aMilano :$b[s.n.],$c1941. 300 $a175 p., [22] p. di tav. ;$c27 cm. 490 0 $aLe Strenne del Pio Istituto Rachitici relative a Milano ed alla Lombardia 490 0 $aPaesaggi lombardi ;$v. 500 $aAi pie' del front : Strenna a beneficio del Pio Istituto dei rachitici di Milano 1940-1941. 600 14$aManzoni, Alessandro <1785-1873>.$0(OLS)http://semarc/subject/1531 700 1 $aGrossi, Giannino.$0(OLS)http://semarc/name/57861 830 3$aLe Strenne del Pio Istituto Rachitici relative a Milano ed alla Lombardia.$0(OLS)http://semarc/title/19823 830 0$aPaesaggi lombardi ;$v.$0(OLS)http://semarc/title/22004 850 $aSeMil 852 $aSeMil$W1$xVenegono$y1$m5R IX 32$j106589$B106589$CSeMilBibl$Z2$F115799 $81 996 $6245$aCent'anni or sono :$buna celebre impresa manzoniana, illustrata su documenti inediti o poco noti$9(OLS)http://semarc/title/226504 996 $6260$aMilano :$b[s.n.]$9(OLS)http://semarc/publisher/29709 LEADER 01151nam a2200229 i 4500 001 000000343596 003 CaOOAMICUS 005 20210105151500.0 008 210105s1960 xx u001 u und u 013 $a61139 040 $aSeMil$bita 100 1 $aAngrisani, Giuseppe .$0(OLS)http://semarc/name/10170 245 10$aPane di vita :$bmeditazioni per tutti i giorni dell'anno svolte sul Catechismo di S. Pio 10. con esempi dalla Sacra Scrittura /$cMons. Giuseppe Angrisani. 260 $aTorino :$bLibreria Dottrina Cristiana,$c1960. 300 $a1124 p. ;$c17 cm 650 04$aPio X - Catechismo.$0(OLS)http://semarc/subject/5220 650 4$aVita cristiana - Meditazioni.$0(OLS)http://semarc/subject/1353 850 $aSeMil 852 $aSeMil$W1$xVenegono$y1$m3F I 851$j223719$B234622$CSeMilBibl$Z2$F234622 $81 996 $6245$aPane di vita :$bmeditazioni per tutti i giorni dell'anno svolte sul Catechismo di S. Pio 10. con esempi dalla Sacra Scrittura$9(OLS)http://semarc/title/432598 996 $6260$aTorino :$bLibreria Dottrina Cristiana$9(OLS)http://semarc/publisher/59451